[Event "Ch Poland (juniors) (under 18)"]
[Site "Zakopane (Poland)"]
[Round "10"]
[White "Paterek Michal (POL)"]
[Black "Moldawski Tomasz (POL)"]
[Result "1/2-1/2"]
[WhiteElo "2180"]
[BlackElo "2112"]

1.d4 Nf6 2.c4 d6 3.Nf3 Bg4 4.Nc3 Bxf3 5.gxf3 e5 6.dxe5 dxe5 7.Qxd8+ Kxd8 8.Bg5
c6 9.O-O-O+ Kc7 10.Bh3 Nfd7 11.Rd2 f6 12.Be3 Nb6 13.b3 Bb4 14.Kb2 N8d7 15.Rhd1
Rad8 16.f4 Bc5 17.Bxc5 Nxc5 18.Rxd8 Rxd8 19.Rxd8 Kxd8 20.fxe5 fxe5 21.Kc2 a5
22.e3 Ke7 23.a3 Na6 24.Bf5 g6 25.Bd3 Nd7 26.Kd2 Nac5 27.Bc2 Kf6 {#d} 1/2-1/2

[Event "Landesliga 2000/01"]
[Site "Mecklenburg-Vorpommern (Germany)"]
[Date "2001.01.07"]
[Round "4"]
[White "Mehl Ronald (GER)"]
[Black "Wiemer Juergen (GER)"]
[Result "1/2-1/2"]
[WhiteElo "2065"]
[BlackElo "2120"]

1.d4 Nf6 2.Nf3 d6 3.c4 Bg4 4.Nc3 Nbd7 5.e4 e5 6.Be2 Be7 7.Be3 c6 8.O-O O-O
9.dxe5 dxe5 10.Nd2 Bxe2 11.Qxe2 Qc7 12.Nb3 Rfe8 13.Rac1 Bb4 14.f3 Bxc3 15.Rxc3
c5 16.Nd2 Qc6 17.Re1 Nf8 18.Qf2 Ne6 19.Nf1 Rad8 20.g3 h6 21.Bc1 Nd4 22.Ne3 a6
23.Nd5 Nxd5 24.exd5 Qd6 25.Be3 b5 26.b3 b4 27.Rcc1 Kf8 28.Bxd4 exd4 29.Rxe8+
Rxe8 30.Re1 {#d} 1/2-1/2

[Event "Ch Asian Cities (team)"]
[Site "Aden (Yemen)"]
[Round "9"]
[White "Ali Amjad (IRQ)"]
[Black "Tedy Sukirman (INA)"]
[Result "1-0"]
[WhiteElo "2292"]
[BlackElo "2265"]

1.d4 Nf6 2.Nf3 d6 3.c4 Bg4 4.Qb3 Qc8 5.h3 Bf5 6.g4 Bg6 7.Bg2 Nc6 8.d5 Nb8
9.Nc3 Na6 10.Nh4 Nd7 11.f4 Nac5 12.Qd1 e6 13.dxe6 fxe6 14.Nxg6 hxg6 15.Qc2 Kf7
16.b4 Na6 17.a3 Be7 18.O-O c6 19.Ne4 Kg8 20.Bb2 Nc7 21.Rad1 Ne8 22.Ng3 Nf8
23.e4 Qc7 24.Qb3 a5 25.Bd4 Bf6 26.Be3 axb4 27.axb4 Rb8 28.g5 Be7 29.Ra1 b6
30.Ne2 c5 31.b5 Rh5 32.Bf2 e5 33.h4 Ne6 34.f5 Nxg5 35.hxg5 Rxg5 36.Qf3 gxf5
37.exf5 Nf6 38.Nc3 Qb7 39.Qxb7 Rxb7 40.Bh4 Rg4 41.Bxf6 Bxf6 42.Ne4 Rd7 43.Rfd1
Be7 44.Ra6 Rb7 45.Kf1 Rb8 46.Nxd6 Rd4 47.Bd5+ Kf8 48.Rxd4 cxd4 49.Ne4 {#r} 1-0

[Event "It (cat.8)"]
[Site "Bermuda"]
[Round "5"]
[White "Alvarez Johan (VEN)"]
[Black "Nyback Tomi (FIN)"]
[Result "1-0"]
[WhiteElo "2384"]
[BlackElo "2458"]

1.d4 d6 2.Nf3 Nf6 3.c4 Bg4 4.Nbd2 c5 5.d5 g6 6.h3 Bxf3 7.exf3 Bg7 8.a4 O-O
9.Bd3 e6 10.dxe6 fxe6 11.O-O Nc6 12.Re1 Qd7 13.Ra3 Nh5 14.Bf1 b6 15.g3 Nd4
16.Bg2 a6 17.f4 Rae8 18.Nf3 b5 19.axb5 axb5 20.Be3 bxc4 21.Nxd4 cxd4 22.Bxd4
d5 23.Ra7 Qd6 24.Qxh5 Rf7 25.Rxf7 gxh5 26.Rxg7+ Kf8 27.Rxh7 {#r} 1-0

[Event "Extra League 2002/03"]
[Site "Czech Republic"]
[Round "4"]
[White "Jaworski Miroslaw (POL)"]
[Black "Mikhaletz Lubomir (UKR)"]
[Result "1-0"]
[WhiteElo "2345"]
[BlackElo "2488"]

1.d4 d6 2.Nf3 Bg4 3.c4 Nf6 4.Qb3 Qc8 5.h3 Bh5 6.Be3 Nbd7 7.Nbd2 e6 8.g4 Bg6
9.Bg2 c6 10.Nh4 d5 11.Nxg6 hxg6 12.Bf4 Be7 13.O-O O-O 14.Rad1 a5 15.e4 a4
16.Qe3 dxe4 17.Nxe4 Nxe4 18.Qxe4 Re8 19.g5 Qd8 20.h4 Qb6 21.Rd2 Qa5 22.Qe3 Bd8
23.Re1 Bb6 24.c5 Ba7 25.Bd6 Rad8 26.Qc3 Qxc3 27.bxc3 Bb8 28.Rb2 Bxd6 29.cxd6
Nb8 30.Rxb7 Rxd6 31.Reb1 Nd7 32.Rc7 Nb8 33.Ra7 Rdd8 34.Rbb7 Rf8 35.Rxa4 Rd7
36.Bxc6 Rdd8 37.Bb5 Rc8 38.c4 Nc6 39.Bxc6 Rxc6 {#r} 1-0

[Event "Memorial M.Botvinnik (cat.4)"]
[Site "Elista (Russia)"]
[Round "4"]
[White "Osnos Viatcheslav (RUS)"]
[Black "Kremenietsky Anatoly M (RUS)"]
[Result "1/2-1/2"]
[WhiteElo "2384"]
[BlackElo "2381"]

1.d4 Nf6 2.Nf3 d6 3.c4 Bg4 4.Nc3 Nbd7 5.e4 e5 6.Be2 Be7 7.Be3 O-O 8.O-O c6
9.Nd2 Bxe2 10.Qxe2 Re8 11.d5 g6 12.b4 cxd5 13.cxd5 Nb6 14.Rfc1 Qd7 15.a4 Ng4
16.a5 Nc8 17.Qb5 Rd8 18.a6 bxa6 19.Qxd7 Rxd7 20.Rxa6 Nxe3 21.fxe3 Rb8 22.Rc6
Bf8 23.Nc4 Ne7 24.b5 f5 25.Rxd6 Rxd6 26.Nxd6 Nxd5 27.Nxd5 Bxd6 28.Rc6 Rd8
29.exf5 gxf5 30.e4 {#d} 1/2-1/2

[Event "Ch Estonia (team)"]
[Site "Estonia"]
[Round "1"]
[White "Tanav Tiit (EST)"]
[Black "Lauk Ular (EST)"]
[Result "0-1"]
[WhiteElo "2219"]
[BlackElo "2342"]

1.d4 Nf6 2.Nf3 d6 3.c4 Bg4 4.Qb3 Qc8 5.Bg5 Nbd7 6.Nbd2 c6 7.e4 Qc7 8.Be2 e5
9.d5 Be7 10.Ng1 Bxe2 11.Nxe2 Nxd5 12.Qg3 N5f6 13.O-O O-O 14.Be3 Rfe8 15.Rfc1
Nf8 16.f3 Ne6 17.Qf2 Nd7 18.Qg3 Bf6 19.Nb3 a5 20.a4 Nf4 21.Rc2 Nxe2+ 22.Rxe2
d5 23.cxd5 cxd5 24.Rc1 Qd6 25.Rd1 Qa6 26.Rc2 d4 27.Bd2 Qb6 {#R} 0-1

[Event "Ch Finland (team) 2001/02"]
[Site "Finland"]
[Round "6"]
[White "Lassila Erkki (FIN)"]
[Black "Ristoja Jan (FIN)"]
[Result "1-0"]
[WhiteElo "2355"]
[BlackElo "2308"]

1.d4 d6 2.Nf3 Bg4 3.c4 Nf6 4.Qb3 Qc8 5.h3 Bh5 6.Bf4 Nbd7 7.Nbd2 e6 8.e4 a5
9.Bd3 Be7 10.O-O O-O 11.Rae1 Rd8 12.Bb1 Nf8 13.g4 Bg6 14.Bg3 c6 15.Nh4 d5
16.Nxg6 hxg6 17.cxd5 exd5 18.e5 Ne8 19.f4 b5 20.f5 gxf5 21.Rxf5 Ne6 22.Qd3 Bb4
23.Ref1 Ra7 24.Bh4 g6 25.R5f2 Bf8 26.Rxf7 Rxf7 27.Rxf7 Bg7 28.Rf2 {#r} 1-0

[Event "Ch Finland (team) 2002/03"]
[Site "Finland"]
[Round "1"]
[White "Sisatto Olli (FIN)"]
[Black "Eskola Risto (FIN)"]
[Result "1-0"]
[WhiteElo "2207"]
[BlackElo "2149"]

1.d4 Nf6 2.Nf3 d6 3.c4 Bg4 4.Qb3 Bxf3 5.Qxf3 Nc6 6.d5 Nb8 7.Nc3 g6 8.e4 Bg7
9.Bd3 O-O 10.O-O Nbd7 11.Bc2 e5 12.Be3 Nh5 13.Rab1 Qh4 14.g3 Qh3 15.Qg2 Qxg2+
16.Kxg2 f5 17.f3 f4 18.Bf2 fxg3 19.hxg3 Rf7 20.Nb5 Nb6 21.b3 Bf8 22.Rfd1 Nc8
23.Be3 Nf6 24.Bd3 a6 25.Nc3 a5 26.a3 c5 27.b4 axb4 28.axb4 b6 29.bxc5 bxc5
30.Nb5 Ra2+ 31.Rd2 Ra4 32.Rbb2 Nd7 33.Ra2 Ndb6 34.Rxa4 Nxa4 35.Ra2 Nab6 36.Ra6
Rb7 37.Bg5 Kf7 38.Bd2 Be7 39.Ba5 Bd8 40.f4 h5 41.Bxb6 Bxb6 42.Ra8 {#r} 1-0

[Event "Ch Finland (team) 2002/03"]
[Site "Finland"]
[Round "5"]
[White "Tuominen Risto (FIN)"]
[Black "Jouhki Yrjo Markus (FIN)"]
[Result "0-1"]
[WhiteElo "2213"]
[BlackElo "2303"]

1.d4 d6 2.Nf3 Bg4 3.c4 Nf6 4.g3 Bxf3 5.exf3 g6 6.Bg2 Bg7 7.Nc3 O-O 8.Qb3 Nc6
9.Be3 Nd7 10.Rd1 Na5 11.Qa4 c6 12.Bf1 a6 13.c5 b5 14.cxb6 Qxb6 15.b4 Nb7
16.Bh3 e6 17.Qb3 a5 18.b5 a4 19.Qb4 Rfc8 20.O-O cxb5 21.Nxb5 d5 22.Rc1 Bf8
23.Qb1 Na5 24.Qd3 Rc4 25.Nc3 Qc6 26.Ne2 Rb8 27.Rb1 Rxb1 28.Rxb1 Rc2 29.Bd2 Qc4
30.Qe3 Qxa2 31.Bxe6 Qxb1+ 32.Kg2 Nc4 33.Bxf7+ Kxf7 34.Qf4+ Kg8 35.Qg5 Nxd2
36.Qxd5+ Kh8 {#R} 0-1

[Event "Bayern Regionalliga Southwest 2002/03"]
[Site "Germany"]
[Round "1"]
[White "Pantaleev Petar (BUL)"]
[Black "Hittinger Christian (GER)"]
[Result "1-0"]
[WhiteElo "2256"]
[BlackElo "2082"]

1.Nf3 d6 2.d4 Bg4 3.c4 Nf6 4.g3 Bxf3 5.exf3 e6 6.Qb3 Qc8 7.Bh3 c6 8.Nc3 Qc7
9.O-O Nbd7 10.d5 e5 11.f4 Be7 12.Be3 O-O 13.Rac1 Nh5 14.f5 h6 15.Qd1 Nhf6
16.dxc6 bxc6 17.b4 Nb6 18.Qb3 a6 19.a4 Nbd7 20.b5 c5 21.Bg2 Rab8 22.h3 Rfd8
23.Qd1 a5 24.Qe2 Nb6 25.Rfd1 Bf8 26.g4 Qc8 27.h4 Be7 28.g5 Nh7 29.g6 fxg6
30.fxg6 Nf6 31.Qf3 Qg4 32.Qxg4 Nxg4 33.h5 Nxe3 34.fxe3 Bg5 35.Bd5+ Kf8 36.Rf1+
Bf6 37.Kf2 Ke7 38.Ke2 Rf8 39.Kd3 Rbc8 40.Ke4 Rb8 41.Bf7 Kd7 42.Rf2 Be7 43.Nd5
Nxd5 44.Kxd5 Bg5 45.Be6+ Ke7 46.Rxf8 Rxf8 47.b6 Rf2 48.Rb1 Rd2+ 49.Kc6 Rf2
{#r} 1-0

[Event "It (cat.6)"]
[Site "Hengelo (Netherlands)"]
[Round "2"]
[White "Kuljasevic Davorin (CRO)"]
[Black "Asauskas Henrikas (LTU)"]
[Result "1-0"]
[WhiteElo "2389"]
[BlackElo "2329"]

1.d4 d6 2.Nf3 Bg4 3.c4 Nf6 4.Qb3 Nc6 5.d5 Bxf3 6.Qxf3 Ne5 7.Qb3 Qc8 8.Nc3 g6
9.e4 Bg7 10.Be2 O-O 11.O-O c6 12.Be3 Nfg4 13.Bd2 f5 14.f4 Nf7 15.Bxg4 fxg4
16.Be3 c5 17.Ne2 Rb8 18.a4 b6 19.Bd2 a6 20.Bc3 Bf6 21.Nc1 Qc7 22.Nd3 b5
23.axb5 axb5 24.Ra6 b4 25.Bxf6 exf6 26.Rfa1 Rfe8 27.Nf2 h5 28.Qd3 Kg7 29.h3
gxh3 30.Qxh3 Rh8 31.Nd3 Qc8 32.Qxc8 Rbxc8 33.Ra7 Rhe8 34.e5 Kg8 35.e6 Nh6
36.Nf2 {#r} 1-0

[Event "It (open) \"]
[Site "Izmir (Turkey)"]
[Round "2"]
[White "Guliev Sarhan (AZE)"]
[Black "Valensi Berti (TUR)"]
[Result "1-0"]
[WhiteElo "2513"]
[BlackElo "2154"]

1.d4 Nf6 2.c4 d6 3.Nf3 Bg4 4.Nbd2 Nbd7 5.Qb3 Qc8 6.e3 e6 7.Bd3 c6 8.h3 Bh5
9.O-O Qc7 10.Qc2 d5 11.Re1 Bd6 12.c5 Be7 13.b4 Bg6 14.Bxg6 hxg6 15.Rb1 a6
16.Rb3 Rh5 17.e4 dxe4 18.Nxe4 Nd5 19.Neg5 Bxg5 20.Nxg5 N7f6 21.Re5 Rd8 22.Rf3
Qe7 23.Bd2 Nc7 24.Be3 Rh8 25.Qc4 Rf8 26.Bf4 Nh5 27.Bh2 Nf6 28.Re1 Nfd5 29.Ne4
Kd7 30.Bd6 Qh4 31.Bxf8 Rxf8 32.a4 g5 33.Nd6 f5 34.b5 Rh8 35.b6 Ne8 36.Qe2 Rh6
37.Nxf5 Qh5 38.Nxh6 Qxh6 39.Rf7+ Ne7 40.Qe5 Qg6 41.d5 cxd5 42.c6+ bxc6
43.Rxe7+ Kxe7 44.b7 {#r} 1-0

[Event "Ch Peru (regional)"]
[Site "Lima (Peru)"]
[Round "6"]
[White "Santivanez Montes Mario (PER)"]
[Black "Sierra Miguel (PER)"]
[Result "1-0"]
[WhiteElo "2235"]
[BlackElo "2253"]

1.Nf3 Nf6 2.c4 d6 3.d4 Bg4 4.Nbd2 Nbd7 5.g3 c6 6.Bg2 e5 7.Qc2 Be7 8.b3 O-O
9.Bb2 Re8 10.O-O Bf8 11.h3 Bh5 12.e4 Rc8 13.Nh4 Qb6 14.c5 Qc7 15.cxd6 Bxd6
16.Nc4 exd4 17.Nxd6 Qxd6 18.Nf5 Qc7 19.Bxd4 Bg6 20.g4 Bxf5 21.gxf5 Qf4 22.Be3
Qh4 23.Rad1 Nb6 24.a4 Nxe4 25.Rd4 Nd5 26.Rxe4 Rxe4 27.Qxe4 Qxe4 28.Bxe4 Nxe3
{#r} 1-0

[Event "It (cat.11)"]
[Site "Montreal (Canada)"]
[Round "7"]
[White "Hebert Jean (CAN)"]
[Black "Zugic Igor (CAN)"]
[Result "1/2-1/2"]
[WhiteElo "2406"]
[BlackElo "2450"]

1.Nf3 Nf6 2.c4 d6 3.d4 Bg4 4.g3 Bxf3 5.exf3 c6 6.d5 g6 7.Nc3 Bg7 8.Be3 O-O
9.Bh3 b5 10.cxb5 Nxd5 11.Nxd5 cxd5 12.Qxd5 Nd7 13.O-O Bxb2 14.Rab1 Bf6 15.Bxd7
Qxd7 16.Rfc1 e6 17.Qc6 Rfd8 18.Qa6 d5 19.Bf4 d4 20.Bc7 Rdc8 21.Qc6 Qxc6
22.Rxc6 Kf8 23.Kf1 Ke8 24.Ke2 Bd8 25.Bxd8 Rxc6 26.bxc6 Rxd8 27.Rb7 Rc8 28.c7
a6 29.Kd3 e5 30.f4 f6 31.fxe5 fxe5 32.f4 exf4 33.gxf4 Kd7 34.Kxd4 Rf8 35.Ke4
Rf5 36.c8=Q+ Kxc8 37.Rxh7 Ra5 38.h4 Rxa2 39.Kf3 Ra3+ 40.Kg4 Ra1 41.Rg7 Rg1+
42.Kf3 Rh1 43.Rh7 Kd8 44.Kg2 Rc1 45.Kf3 Ke8 46.Ra7 Rh1 47.Kg3 Ra1 {#d} 1/2-1/2

[Event "Ch Croatia (juniors) (under 17)"]
[Site "Pula (Croatia)"]
[Round "7"]
[White "Kuljasevic Davorin (CRO)"]
[Black "Zovko Marko (CRO)"]
[Result "1/2-1/2"]
[WhiteElo "2389"]
[BlackElo "2128"]

1.d4 d6 2.Nf3 Bg4 3.c4 Nf6 4.Nc3 Bxf3 5.exf3 c6 6.d5 g6 7.f4 Bg7 8.g3 O-O
9.Bg2 e6 10.O-O exd5 11.cxd5 c5 12.f5 Na6 13.fxg6 hxg6 14.f4 Qd7 15.Bd2 Nc7
16.f5 b5 17.Bg5 Rae8 18.Qc2 Nh7 19.Bf4 Bd4+ 20.Kh1 g5 21.Bd2 f6 22.Rae1 Be5
23.Nd1 b4 24.Nf2 Nb5 25.Ng4 Nd4 26.Qd3 Rb8 27.Nxe5 dxe5 28.b3 Rfc8 29.Rc1 Nf8
30.h4 gxh4 31.gxh4 Qh7 {#d} 1/2-1/2

[Event "It (open)"]
[Site "Voronezh (Russia)"]
[Round "4"]
[White "Tolstikh Nikolay (RUS)"]
[Black "Arbakov Valentin (RUS)"]
[Result "1-0"]
[WhiteElo "2458"]
[BlackElo "2374"]

1.Nf3 Nf6 2.c4 d6 3.d4 Bg4 4.g3 c6 5.Bg2 e6 6.O-O Nbd7 7.Nc3 d5 8.Qb3 Qb6 9.c5
Qa6 10.Re1 b6 11.cxb6 Qxb6 12.Qa4 Bxf3 13.Bxf3 Be7 14.e4 dxe4 15.Nxe4 Rc8
16.Nxf6+ Nxf6 17.Be3 Nd5 18.Bxd5 exd5 19.Bf4 Kf8 20.Re3 g5 21.Rae1 gxf4
22.Rxe7 fxg3 23.hxg3 Kg7 24.Qd1 h5 25.Qd2 c5 26.dxc5 Qf6 27.Qxd5 h4 28.R1e6
{#r} 1-0

[Event "Ch Slovenia (team)"]
[Site "Slovenia"]
[Date "2002.11.18"]
[Round "1"]
[White "Ruck Robert (HUN)"]
[Black "Runic Zoran (BIH)"]
[Result "1-0"]
[WhiteElo "2583"]
[BlackElo "2409"]

1.Nf3 Nf6 2.c4 d6 3.d4 Bg4 4.Nc3 c6 5.e4 Nbd7 6.Be2 e5 7.O-O Be7 8.Be3 O-O
9.d5 Bxf3 10.Bxf3 c5 11.g3 Ne8 12.Bg4 a6 13.Rb1 Nef6 14.Bh3 b5 15.cxb5 axb5
16.b4 cxb4 17.Rxb4 Qa5 18.Qb1 Nc5 19.Rc1 Rfb8 20.Bf1 Nfd7 21.Rxb5 Rxb5 22.Qxb5
Qd8 23.h4 Rb8 24.Qc4 Qa5 25.Rb1 Ra8 26.Bh3 Nb6 27.Qb4 Qxb4 28.Rxb4 Nca4
29.Nxa4 Nxa4 30.Bd7 Nc3 31.a4 Ne2+ 32.Kf1 Nd4 33.Bc6 Nc2 34.Bxa8 Nxb4 35.Bb6
Nd3 36.a5 Nc5 37.Bb7 {#r} 1-0

[Event "It (open)"]
[Site "Borovets (Bulgaria)"]
[Round "6"]
[White "Ivanov Jordan (BUL)"]
[Black "Ljangov Petar (BUL)"]
[Result "1/2-1/2"]
[WhiteElo "2395"]
[BlackElo "2166"]

1.Nf3 Nf6 2.c4 d6 3.d4 Bg4 4.Nc3 e6 5.e4 Be7 6.Be2 O-O 7.Be3 Re8 8.h3 Bh5
9.Qb3 Qc8 10.Qc2 Bg6 11.Nh4 e5 12.d5 Nbd7 13.g4 c6 14.Nf5 Bf8 15.Rc1 Qc7
16.Qd1 Nc5 17.Bf3 a5 18.O-O Nfd7 19.Ng3 Be7 20.b3 Qd8 21.Qd2 h6 22.Rfd1 Na6
23.Kh2 c5 24.Nf5 Bxf5 25.gxf5 Kh7 26.Rg1 Rg8 27.Rg2 Nf6 28.Rcg1 Nb8 29.Bd1
Nbd7 30.a4 b6 31.Rg3 Qf8 32.Bf3 Qd8 33.Qe2 Qe8 34.Bc1 Bf8 35.Nb5 Rc8 36.Qe3
Qe7 37.Bd1 Nb8 38.Kh1 Nbd7 39.Na7 Ra8 40.Nb5 Rc8 41.Na7 Ra8 42.Nb5 Rc8 {#d}
1/2-1/2

[Event "It (open) \"]
[Site "Bratislava (Slovakia)"]
[Round "0"]
[White "Magyar Frantisek (SVK)"]
[Black "Todor Razvan (AUT)"]
[Result "0-1"]
[WhiteElo "2019"]
[BlackElo "2158"]

1.d4 Nf6 2.Nf3 d6 3.c4 Bg4 4.Nc3 Nbd7 5.e3 e5 6.Be2 c6 7.O-O Be7 8.e4 O-O
9.Be3 Re8 10.d5 Qc7 11.Rc1 a5 12.a3 Nf8 13.Nd2 Bxe2 14.Qxe2 Ng6 15.g3 Qd7
16.f3 h5 17.Nd1 h4 18.Nf2 hxg3 19.hxg3 Nh5 20.Kg2 f5 21.Rh1 Nxg3 22.Kxg3 f4+
23.Kg2 fxe3 24.Qxe3 Nh4+ 25.Kf1 Bg5 26.Qc3 Rf8 27.Rc2 Ng6 28.Rg1 Bxd2 29.Rxd2
Nh4 30.Rd3 Qf7 31.Ke2 cxd5 32.exd5 Nf5 33.Ne4 Rac8 34.a4 Qh5 35.b3 Qh2+ 36.Kf1
Nd4 37.Rg2 Qh1+ 38.Kf2 Qh4+ 39.Kf1 {#R} 0-1

[Event "It (cat.1)"]
[Site "Budapest (Hungary)"]
[Round "6"]
[White "Fang Joseph (USA)"]
[Black "Reisch Stefan (GER)"]
[Result "1-0"]
[WhiteElo "2322"]
[BlackElo "2211"]

1.Nf3 d6 2.d4 Bg4 3.c4 Nf6 4.Nc3 Nbd7 5.g3 Bxf3 6.exf3 e6 7.d5 e5 8.Bg2 Be7
9.O-O O-O 10.Re1 Re8 11.f4 Bf8 12.f5 g6 13.fxg6 hxg6 14.h4 Nh5 15.Bf3 Ng7
16.h5 gxh5 17.Bxh5 Nf6 18.Bf3 Nh7 19.g4 Ng5 20.Be4 Nh3+ 21.Kg2 Nf4+ 22.Bxf4
exf4 23.Rh1 f5 24.gxf5 Qg5+ 25.Kf3 Re5 26.Qd3 Kf7 27.Rag1 Qe7 28.Rg6 Rxe4
29.f6 Qe5 30.fxg7 Be7 31.Nxe4 Kxg6 32.Nxd6+ Kg5 33.Rg1+ Kh4 34.Rg4+ {#r} 1-0

[Event "Tournament (Elo)"]
[Site "Budapest (Hungary)"]
[Round "10"]
[White "Hoang Thanh Son (VIE)"]
[Black "Zoltan Andras (HUN)"]
[Result "1/2-1/2"]
[WhiteElo "2325"]
[BlackElo "2075"]

1.d4 d6 2.Nf3 Bg4 3.c4 Nf6 4.Nc3 Nbd7 5.g3 Bxf3 6.exf3 e6 7.Qb3 Rb8 8.Bg2 Be7
9.O-O O-O 10.f4 c6 11.Be3 d5 12.c5 b6 13.cxb6 axb6 14.Rac1 c5 15.Qc2 Ng4
16.Qd3 c4 17.Qe2 Ndf6 18.h3 Nxe3 19.fxe3 b5 20.a3 b4 21.axb4 Bxb4 22.Qc2 Bxc3
23.bxc3 Rb3 24.Rb1 Qb6 25.Rxb3 Qxb3 26.Qxb3 cxb3 27.Rb1 Rb8 28.Rb2 Kf8 29.Bf3
Ke7 30.g4 h6 31.h4 Ne8 32.Bd1 Nd6 33.Rxb3 Rxb3 34.Bxb3 Ne4 35.Kg2 Nxc3 36.Kf3
Ne4 37.Bc2 Nd6 38.f5 Ne8 39.fxe6 fxe6 40.g5 hxg5 41.hxg5 Nd6 42.Kf4 Nf7 {#d}
1/2-1/2

[Event "Ch India"]
[Site "Calicut (India)"]
[Round "9"]
[White "Srinivasa Rao M (IND)"]
[Black "Roktim Bandyopadhyay (IND)"]
[Result "0-1"]
[WhiteElo "2275"]
[BlackElo "2345"]

1.Nf3 d6 2.d4 Nf6 3.c4 Bg4 4.Qb3 Qc8 5.Bg5 Nbd7 6.Nc3 c6 7.h3 Bxf3 8.gxf3 g6
9.O-O-O Bg7 10.h4 h6 11.Bf4 b5 12.cxb5 cxb5 13.e4 O-O 14.Kb1 Rb8 15.h5 b4
16.Nd5 Nxd5 17.Qxd5 Nf6 18.Qb3 Nxh5 19.Be3 a5 20.Bh3 Qa6 21.Bf1 Qb7 22.Bc4 e6
23.Qd3 e5 24.dxe5 dxe5 25.Bc5 Rfd8 26.Bd5 Nf4 27.Qb3 Nxd5 28.Rxd5 Rxd5 29.exd5
Qb5 30.Rc1 a4 31.Qc4 Qd7 32.Bxb4 Qf5+ 33.Ka1 Qxf3 34.d6 Qb7 35.Bc3 a3 36.b3
Rc8 37.Qd3 e4 38.Qd2 Rxc3 {#R} 0-1

[Event "Memorial O.Duras (open)"]
[Site "Czech Republic"]
[Round "8"]
[White "Horyna Josef (CZE)"]
[Black "Podbrdsky Pavel (CZE)"]
[Result "0-1"]
[WhiteElo "1945"]
[BlackElo "2126"]

1.d4 Nf6 2.Nf3 d6 3.c4 Bg4 4.e3 e6 5.Be2 Be7 6.O-O O-O 7.Nc3 c6 8.b3 d5 9.cxd5
exd5 10.Bb2 Nbd7 11.Qc2 Re8 12.Rac1 Bd6 13.Rfe1 Qe7 14.g3 Ne4 15.Nxe4 dxe4
16.Nh4 Bxe2 17.Qxe2 Nb6 18.Nf5 Qf6 19.Nxd6 Qxd6 20.Rc5 Nd5 21.a3 f5 22.b4 a6
23.Qh5 g6 24.Qd1 Qd7 25.Qb3 g5 26.a4 f4 27.exf4 gxf4 28.gxf4 e3 29.Rxe3 Rxe3
30.fxe3 Re8 31.e4 Rxe4 32.Qg3+ Kf8 33.b5 Re7 34.bxc6 bxc6 35.Ba3 Nb4 36.Bxb4
Qxd4+ 37.Kg2 Qxb4 38.Rf5+ Ke8 39.Qg8+ Kd7 40.Rf7 Qb2+ 41.Kg1 Qb1+ 42.Kf2 Qa2+
{#R} 0-1

[Event "Moravian League 2002/03 (2nd) (b)"]
[Site "Czech Republic"]
[Round "10"]
[White "Vecera Pavel (CZE)"]
[Black "Macharacek Simon (CZE)"]
[Result "1-0"]
[WhiteElo "2175"]
[BlackElo "2209"]

1.d4 Nf6 2.Nf3 d6 3.c4 Bg4 4.Nc3 Bxf3 5.exf3 c6 6.Qb3 Qc7 7.Bd3 e6 8.d5 Nbd7
9.dxe6 fxe6 10.O-O Be7 11.Re1 O-O 12.Qc2 Nc5 13.Bf1 e5 14.f4 Ne6 15.fxe5 Nd4
16.Qd3 dxe5 17.Ne4 Rad8 18.Nxf6+ Rxf6 19.Qe4 Bb4 20.Bg5 Bxe1 21.Rxe1 Nf3+
22.gxf3 Rg6 23.h4 Rd4 24.Qf5 Rf4 25.Qxe5 Qxe5 26.Rxe5 Rd4 27.h5 Rgd6 28.b3 h6
29.Be3 Rd1 30.Kg2 Ra1 31.c5 Rdd1 32.Bc4+ Kf8 33.f4 Rxa2 34.f5 Raa1 35.f6 Rg1+
36.Kf3 g5 37.f7 g4+ 38.Ke4 {#r} 1-0

[Event "Moravian League 2002/03 (2nd) (c)"]
[Site "Czech Republic"]
[Round "10"]
[White "Hastik Svatopluk (CZE)"]
[Black "Pavelka Jindrich (CZE)"]
[Result "1-0"]
[WhiteElo "2116"]
[BlackElo "2141"]

1.d4 Nf6 2.Nf3 d6 3.c4 Bg4 4.h3 Bxf3 5.exf3 c6 6.Be3 d5 7.Qb3 Qb6 8.Nc3 e6
9.Bd3 Be7 10.O-O O-O 11.Rfd1 Nbd7 12.Rac1 Rfe8 13.Qc2 Nf8 14.c5 Qc7 15.b4 Ng6
16.Qd2 Nh5 17.Ne2 e5 18.Bxg6 hxg6 19.g4 Nf6 20.dxe5 Qxe5 21.Bf4 Qe6 22.Nd4 Qd7
23.a4 Nh7 24.Re1 Bf6 25.Kg2 Rxe1 26.Rxe1 Re8 27.Rxe8+ Qxe8 28.Qe3 Qd7 29.Be5
Bd8 30.b5 Be7 31.Qc3 Bd8 32.bxc6 bxc6 33.Bxg7 Ng5 34.Be5 Ne6 35.Nxe6 Qxe6
36.Qe3 Be7 37.Bd4 Qxe3 38.fxe3 Kf8 39.Kg3 Ke8 40.h4 Kd7 41.h5 gxh5 42.gxh5 Bf8
43.Kg4 Bh6 44.Kf5 Ke7 45.Bf6+ Kf8 46.Bg5 Bg7 47.h6 {#r} 1-0

[Event "Ch Bangladesh"]
[Site "Dhaka (Bangladesh)"]
[Round "12"]
[White "Rahman Taibur (BAN)"]
[Black "Haque Rezaul (BAN)"]
[Result "0-1"]
[WhiteElo "2245"]
[BlackElo "2186"]

1.d4 d6 2.Nf3 Bg4 3.c4 Nf6 4.Nc3 Nbd7 5.e4 e5 6.Be2 c6 7.O-O Be7 8.Be3 O-O
9.Qc2 Qc7 10.d5 cxd5 11.cxd5 Rfe8 12.Rfd1 a6 13.Rac1 Rac8 14.b4 Qb8 15.Qb3 Bd8
16.h3 Bxf3 17.Bxf3 Bb6 18.Bd2 Qa7 19.Be1 Bd4 20.Ne2 Bb6 21.g4 h6 22.Rc3 Nf8
23.Ng3 Ng6 24.Nf5 Rcd8 25.Qc2 Nf4 26.Kh2 Kh7 27.Bg2 a5 28.bxa5 Bxa5 29.Ra3 b6
30.Bb4 Qb8 31.Bxa5 bxa5 32.Rb1 Qa7 33.Rc3 Rd7 34.Rc6 Rb8 35.Rb3 Rxb3 36.axb3
Qb8 37.f3 Qb4 38.Qc3 Qa3 39.Kg3 Ne2+ {#R} 0-1

[Event "Ch Great Britain"]
[Site "Edinburgh (Scotland)"]
[Round "7"]
[White "Pert Nicholas (ENG)"]
[Black "Longson Alex (ENG)"]
[Result "1-0"]
[WhiteElo "2501"]
[BlackElo "2264"]

1.d4 d6 2.Nf3 Bg4 3.c4 Nf6 4.Qb3 Qc8 5.h3 Bh5 6.Bf4 Nbd7 7.Nbd2 Bg6 8.e3 e6
9.Nh4 Be7 10.Nxg6 hxg6 11.Bd3 c5 12.O-O O-O 13.Rac1 Qc6 14.Be2 Rab8 15.Rfd1
Qa6 16.Nb1 Qa5 17.Nc3 a6 18.a3 cxd4 19.exd4 Qf5 20.Bh2 b6 21.Qa4 a5 22.g4 Qg5
23.Bg3 Qh6 24.Qb5 Qxh3 25.g5 Nh5 26.Bxh5 gxh5 27.Qxd7 Bxg5 28.Rc2 h4 29.Bxd6
Qg4+ 30.Kf1 {#r} 1-0

[Event "It (open)"]
[Site "Guben (Germany)"]
[Round "3"]
[White "Kleeschaetzky Ralf (GER)"]
[Black "Kunze Olaf (GER)"]
[Result "1-0"]
[WhiteElo "2209"]
[BlackElo "1562"]

1.Nf3 Nf6 2.c4 d6 3.d4 Bg4 4.Nc3 Nbd7 5.e4 e5 6.Be2 Be7 7.Be3 c6 8.h3 Bxf3
9.Bxf3 a5 10.O-O O-O 11.Be2 Re8 12.f4 Qc7 13.Bf3 Rad8 14.Re1 Nb6 15.Qe2 Nc8
16.Qf2 b6 17.Kh1 Bf8 18.a3 c5 19.d5 Kh8 20.Bd1 Qe7 21.f5 h6 22.g4 Nd7 23.h4 f6
24.Nb5 Nb8 25.g5 Qb7 26.Bh5 Re7 27.Qd2 Nd7 28.Rg1 fxg5 29.hxg5 hxg5 30.Qh2 Nf6
31.Bf7+ {#r} 1-0

[Event "Ch Region"]
[Site "Novosibirsk (Russia)"]
[Round "7"]
[White "Pakhomova Ekaterina (RUS)"]
[Black "Shevchenko Vitaly (RUS)"]
[Result "0-1"]
[WhiteElo "2138"]
[BlackElo "2236"]

1.d4 Nf6 2.c4 d6 3.Nf3 Bg4 4.Nbd2 Nbd7 5.g3 e5 6.Bg2 c6 7.Qc2 Bxf3 8.Bxf3 exd4
9.Nb3 Qb6 10.Bd2 a5 11.O-O Ne5 12.Bg2 a4 13.Nc1 Be7 14.Nd3 Nxd3 15.Qxd3 O-O
16.Rab1 Nd7 17.b3 a3 18.b4 Ne5 19.Qb3 Bf6 20.Rfc1 Rfe8 21.Rc2 h5 22.Bc1 Ng4
23.c5 Qd8 24.Bxa3 dxc5 25.bxc5 Nxf2 26.Kxf2 d3 27.Qxd3 Bd4+ 28.Ke1 Re3 29.Qd2
Rexa3 30.Rb3 Rxb3 31.axb3 Ra1+ 32.Rc1 Bf2+ 33.Kd1 Rxc1+ {#R} 0-1

[Event "It (open)"]
[Site "Pilsen-Lobzy (Czech Republic)"]
[Round "6"]
[White "Podbrdsky Pavel (CZE)"]
[Black "Kupka Frantisek (CZE)"]
[Result "1/2-1/2"]
[WhiteElo "2126"]
[BlackElo "2031"]

1.d4 Nf6 2.Nf3 d6 3.c4 Bg4 4.Nc3 c6 5.e4 Bxf3 6.Qxf3 e5 7.Be3 Nbd7 8.O-O-O h5
9.h3 Qa5 10.g3 O-O-O 11.Qe2 d5 12.cxd5 cxd5 13.exd5 Bb4 14.Nb5 Qxa2 15.dxe5
Kb8 16.Bxa7+ Ka8 17.Qc4 Rc8 18.Nc7+ Rxc7 19.Qxc7 Qa1+ 20.Kc2 Qa4+ 21.Kc1 Qa1+
{#d} 1/2-1/2